000
00291nam a2200109Ia 4500
008
220204s9999 xx 000 0 und d
082
_a
929(100)
_b
INT
245
0
_a
International who's who 1975-76, 1977-78, 1982-83, 1984-85
250
_a
Ed.48
260
_a
London
_b
Europa
_c
1984
942
_c
BK
999
_c
27802
_d
27802